000 00875mam a2200265 a 4500
008
020 _a0721615147 (set)(hbk.)
049 _aMAIN
090 _aRD118
_bPLA
245 0 0 _aPlastic surgery
_nVol. 6. :
_bthe trunk and lower extremeity /
_cedited by Joseph G. McCarthy, James W May and J. William Littler.
260 _aPhiladelphia :
_bW. B. Saunders,
_c1990.
300 _aviii, 3675-4245 [75] p. :
_bill. ;
_c27 cm.
504 _aIncludes bibliographical references.
500 _aIncludes index.
650 0 _aSurgery, Plastic.
650 2 _aReconstructive Surgical Procedures.
700 1 _aMcCarthy, Joseph G.
700 1 _aMay, James W.
700 1 _aLittler, J. William.
907 _a.b10254444
_b19-07-12
_c15-04-08
003
005 20230120203957.0
040 _cNUST
942 _cBOOKS
_kRD118
_mPLA
999 _c114940
_d114940